[Event "BEM-ch U16"]
[Site "Lehre"]
[Date "2000.10.02"]
[Round "6"]
[White "Fenselau, Dennis"]
[Black "Casper, Lena"]
[Result "1-0"]
[WhiteElo "1074"]
[BlackElo "274"]
[PlyCount "55"]
[EventDate "2000.09.30"]
[EventType "tourn"]
[EventRounds "7"]
[EventCountry "GER"]
[SourceTitle "EXT 2003"]
[Source "ChessBase"]
[SourceDate "2002.11.25"]
[SourceVersion "1"]
[SourceVersionDate "2002.11.25"]
[SourceQuality "1"]

1. Nf3 Nf6 2. g3 Nc6 3. Bg2 e5 4. d3 d6 5. c4 d5 6. cxd5 Nxd5 7. Nc3 Be6 8. 0-0 Qd7 9. Ng5 h6 10. Nxe6 Qxe6 11. Bxd5 Qd7 12. Bg2 0-0-0 13. Be3 g5 14. Rc1 Kb8 15. Qa4 Nd4 16. Qxd7 Rxd7 17. Bxd4 exd4 18. Nb5 a6 19. Na3 f5 20. Nc4 Re7 21. Rc2 f4 22. Rfc1 fxg3 23. hxg3 h5 24. Na5 Bg7 25. Nxb7 h4 26. Na5 h3 27. Nc6+ Kb7 28. Nxe7+ 1-0

[Event "BEM-ch U16"]
[Site "Lehre"]
[Date "2000.09.30"]
[Round "1"]
[White "Fenselau, Dennis"]
[Black "Gueler, Hasan"]
[Result "0-1"]
[WhiteElo "1074"]
[BlackElo "1136"]
[PlyCount "64"]
[EventDate "2000.09.30"]
[EventType "tourn"]
[EventRounds "7"]
[EventCountry "GER"]
[SourceTitle "EXT 2003"]
[Source "ChessBase"]
[SourceDate "2002.11.25"]
[SourceVersion "1"]
[SourceVersionDate "2002.11.25"]
[SourceQuality "1"]

1. d4 Nf6 2. c4 e6 3. Nf3 b6 4. g3 Bb7 5. Bg2 Be7 6. Nc3 d5 7. cxd5 Nxd5 8. 0-0 Nd7 9. Re1 0-0 10. e4 Nxc3 11. bxc3 c5 12. Bf4 Nf6 13. Qd3 Rc8 14. Nd2 cxd4 15. cxd4 Qd7 16. Nb3 h6 17. Qe2 Rfd8 18. Rad1 Qa4 19. d5 Bb4 20. dxe6 Bxe1 21. exf7+ Kxf7 22. Rxe1 Ba6 23. Qf3 Qxa2 24. e5 Rd3 25. Qxd3 Bxd3 26. exf6 Qxb3 27. fxg7 Kxg7 28. Be5+ Kg8 29. Bh3 Re8 30. f4 Bg6 31. f5 Bf7 32. Bg2 Qb5 0-1